Primera y segunda Asambleas Lusitano-Gallegas (Record no. 26716)

MARC details
000 -LEADER
campo de control de longitud fija 00598nam a2200181 i 4500
001 - NÚMERO DE CONTROL
campo de control 26716
003 - IDENTIFICADOR DE NÚMERO DE CONTROL
campo de control ES-MaACL
005 - FECHA Y HORA DE LA ÚLTIMA TRANSACCIÓN
campo de control 20230906153505.0
007 - CAMPO FIJO DE DESCRIPCIÓN FÍSICA--INFORMACIÓN GENERAL
campo de control de longitud fija t|
008 - DATOS DE LONGITUD FIJA--INFORMACIÓN GENERAL
campo de control de longitud fija 030110s1967 sp ||||1| spa d
111 2# - ENTRADA PRINCIPAL--NOMBRE DE CONGRESO/REUNIÓN
Nombre de congreso/reunión o jurisdicción como elemento de entrada Asambleas Lusitano-Gallegas (
Número del congreso/reunión o número de parte o sección 1ª, 2ª.
Fecha del congreso o de la firma del tratado 1955-1961)
9 (RLIN) 34
245 10 - MENCIÓN DEL TÍTULO
Título Primera y segunda Asambleas Lusitano-Gallegas
Resto del título : actas y comunicaciones.
260 ## - PUBLICACIÓN, DISTRIBUCIÓN, ETC.
Lugar de publicación, distribución, etc. Madrid :
Nombre del editor, distribuidor, etc. Editora Nacional,
Fecha de publicación, distribución, etc. 1967.
300 ## - DESCRIPCIÓN FÍSICA
Extensión 357 p., 11 lám. ;
Dimensiones 24 cm.
500 ## - NOTA GENERAL
Nota general Precede al tít.: Real Academia Gallega.
710 2# - ENTRADA AGREGADA--NOMBRE DE ENTIDAD CORPORATIVA
Nombre de entidad corporativa o nombre de jurisdicción como elemento de entrada Real Academia Gallega.
9 (RLIN) 6341
852 ## - LOCALIZACIÓN
Ubicación ES-MaACL
Número de control de estantería C-32258
Sublocalización o colección R.62736
Holdings
Estatus retirado Estado de pérdida Estado de daño No para préstamo Biblioteca de origen Biblioteca actual Ubicación en estantería Fecha de adquisición Fuente de adquisición Total de préstamos Signatura topográfica completa Código de barras Visto por última vez Precio de reemplazo Tipo de ítem Koha
        Biblioteca del Ateneo de Madrid Biblioteca del Ateneo de Madrid Depósito 2 17/01/2008     C-32258 1027569 23/02/2023 23/02/2023 Libro impreso